Journal of Democracy (Record no. 255)
[ view plain ]
| 000 -LEADER | |
|---|---|
| fixed length control field | 00335nam a22001097a 4500 |
| 008 - FIXED-LENGTH DATA ELEMENTS--GENERAL INFORMATION | |
| fixed length control field | 230605b xxu||||| |||| 00| 0 eng d |
| 082 ## - DEWEY DECIMAL CLASSIFICATION NUMBER | |
| Classification number | 321.80520 |
| Item number | JOD |
| 245 ## - TITLE STATEMENT | |
| Title | Journal of Democracy |
| Remainder of title | China's Changing of Guard |
| 260 ## - PUBLICATION, DISTRIBUTION, ETC. (IMPRINT) | |
| Place of publication, distribution, etc. | Baltimore,US |
| Name of publisher, distributor, etc. | The Hopkins University Press,Journals Division |
| Date of publication, distribution, etc. | January 2003 |
| 300 ## - PHYSICAL DESCRIPTION | |
| Extent | 189p |
| 942 ## - ADDED ENTRY ELEMENTS (KOHA) | |
| Source of classification or shelving scheme | Dewey Decimal Classification |
| Koha item type | Books |
No items available.
